| 000 | 01845nam a2200409 c 4500 | ||
|---|---|---|---|
| 003 | BLK | ||
| 005 | 20240312162326.0 | ||
| 008 | 180408b bul|||||r ||||||| ||bul|| | ||
| 010 | _aKNG00072254000 | ||
| 020 |
_a978-954-474-548-6 _bиздат.: Кибеа |
||
| 040 | _aBLK | ||
| 041 |
_aBUL _cBUL |
||
| 072 | 7 |
_2bullib _aН33 _xИкономика Н |
|
| 080 |
_a _b65.012/.013 _x _z65.012/.013 |
||
| 100 |
_aКови, Стивън Ричърдс _9269040 |
||
| 700 | 1 |
_aУитман, Боб _eсъавт. _9293685 |
|
| 700 | 1 |
_aИнгланд, Брек _eсъавт. _972955 |
|
| 700 | 1 |
_aМанушева, Ирина Борисова _9368041 |
|
| 139 |
_aКови, Стивън и др. _bК 72 |
||
| 245 | 1 | 0 |
_aПредвидими резултати в непредвидими времена _bКак да побеждаваме независимо от обстоятелствата _cСтивън Ричърдс Кови; съавт. Боб Уитман; съавт. Брек Ингланд; прев. от англ. Ирина Борисова Манушева. |
| 257 | _aUSA | ||
| 260 |
_аСофия _bКибеа _c2010 _fСофия : Димитър Благоев |
||
| 300 |
_a128 с. _c20 см |
||
| 380 | _a62 | ||
| 500 | _aОриг. загл. Predictable Results in Unpredictable Times / Stephen R. Covey, Bob Whitman, Breck England. - Съдържа и за авт. | ||
| 650 | 4 |
_aСтопански предприятия - управление и организация _9253778 |
|
| 653 | _aстопански предприятия | ||
| 653 | _aуправление | ||
| 653 | _aорганизация | ||
| 659 | _aН | ||
| 852 | _aЦб 253016 | ||
| 856 | 4 |
_qpdf _u |
|
| 856 | 4 |
_qpdf _u |
|
| 942 |
_cKNG _n0 |
||
| 944 |
_aCR _c27.09.2011 _k30560 _lГеновева Генчева |
||
| 944 |
_aED _c01.03.2012 _k |
||
| 999 |
_c67938 _d67938 |
||